000047236 001__ 47236
000047236 005__ 20160211114200.0
000047236 037__ $$aTAZ-TFG-2015-4249
000047236 041__ $$aspa
000047236 1001_ $$aBartolomé Manjarrés, Silvia
000047236 24500 $$aLa organización de archivos personales. El caso del fondo A. Sancho Campo
000047236 260__ $$aZaragoza$$bUniversidad de Zaragoza$$c2015
000047236 506__ $$aby-nc-sa$$bCreative Commons$$c3.0$$uhttp://creativecommons.org/licenses/by-nc-sa/3.0/
000047236 520__ $$aSe analiza el estado de las técnicas de tratamiento archivístico implementadas en los últimos años para la gestión de fondos personales, mediante el estudio y la identificación de los problemas que surgen en la reunión, la organización y la conservación de estos fondos. Asimismo, se examina la problemática que aparece en los archivos personales respecto a la privacidad y el acceso a éstos. Posteriormente se muestra y discute la aplicación de esos procedimientos en la organización del fondo personal Ángel Sancho Campo, que se encuentra en el Archivo Diocesano de Palencia.
000047236 521__ $$aGraduado en Información y Documentación
000047236 540__ $$aDerechos regulados por licencia Creative Commons
000047236 700__ $$aEsteban Navarro, Miguel Ángel$$edir.
000047236 7102_ $$aUniversidad de Zaragoza$$bCiencias de la Documentación e Historia de la Ciencia$$cBiblioteconomía y Documentación
000047236 8560_ $$f644868@celes.unizar.es
000047236 8564_ $$s885369$$uhttps://zaguan.unizar.es/record/47236/files/TAZ-TFG-2015-4249.pdf$$yMemoria (spa)
000047236 909CO $$ooai:zaguan.unizar.es:47236$$pdriver$$ptrabajos-fin-grado
000047236 950__ $$a
000047236 951__ $$adeposita:2016-02-10
000047236 980__ $$aTAZ$$bTFG$$cFFYL